Statistics for Top 10 smallest countries in Africa

Click here to take the quiz!

General Stats

  • This quiz has been taken 19 times
  • The average score is 9 of 10

Answer Stats

kmAnswer% Correct
27,830 kmBurundi
95%
26,798 kmRwanda
95%
964 kmSao Tome and Principe
89%
451 kmSeychelles
89%
17,364 kmSwaziland
89%
4033 kmCape Verde
84%
23,200 kmDjibouti
84%
10,380 kmGambia
84%
2040 kmMauritius
84%
2235 kmComoros
79%

Score Distribution

Percentile by Number Answered

Percent of People with Each Score

Your Score History

You have not taken this quiz